Plano de implantacao de semente melhorada de feijao de mesa no estado de Sao Paulo [Phaseolus vulgaris; Brasil] (Registro n. 332593)
[ somente texto ]
| 000 -LÍDER | |
|---|---|
| campo de controle de tamanho fixo | 00984naa a22002897a 4500 |
| 001 - NÚMERO DE CONTROLE | |
| campo de controle | BR6600255 |
| 003 - IDENTIFICADOR DO NÚMERO DE CONTROLE | |
| campo de controle | BR-BrBNA |
| 005 - DATA E HORÁRIO DA ÚLTIMA TRANSAÇÃO | |
| campo de controle | 20250709164608.0 |
| 007 - CAMPO FIXO DE DESCRIÇÃO FÍSICA--INFORMAÇÃO GERAL | |
| campo de controle de tamanho fixo | ta |
| 008 - CAMPO DE DADOS FIXOS--INFORMAÇÃO GERAL | |
| campo de controle de tamanho fixo | 250630b bl.|||m| |||| 00| 0 por d |
| 040 ## - FONTE DA CATALOGAÇÃO | |
| Instituição da catalogação original | BR-BrBNA |
| Idioma da catalogação | por |
| Instituição que transcreveu o registro | Biblioteca Nacional de Agricultura |
| 041 ## - CÓDIGO DE IDIOMA | |
| Código do idioma do texto/trilha sonora ou título diferente | (Pt) |
| 072 ## - CÓDIGO DE CATEGORIA DE ASSUNTO | |
| Código de Categoria de Assunto | F00 |
| Código do objeto | 1410 |
| -- | 3575 |
| -- | G514 |
| 090 ## - NÚMERO DE CHAMADA LOCAL | |
| Número de chamada | F00 BR6600255 |
| 100 1# - ENTRADA PRINCIPAL--NOME PESSOAL | |
| Nome pessoal | Coelho, G.M. |
| 111 1# - ENTRADA PRINCIPAL--NOME DO EVENTO | |
| Nome do evento ou lugar | 3. Reuniao da Comissao Brasileira de Feijao |
| Local do evento | Rio de Janeiro, GB (Brazil) |
| Data do evento ou assinatura do tratado | 25 Jul 1966 |
| 245 1# - TÍTULO | |
| Título | Plano de implantacao de semente melhorada de feijao de mesa no estado de Sao Paulo [Phaseolus vulgaris; Brasil] |
| 490 ## - TÍTULO DA SÉRIE | |
| Título da série | Relatorio - Comissao Brasileira de Feijao (Brazil) |
| 500 ## - NOTA GERAL | |
| Nota geral | Relatorio anual 1966<br/>Rio de Janeiro, GB (Brasil): 1966. p. 200-203<br/>(BR6600255-AMS)<br/> |
| 650 ## - ASSUNTO--TERMO TÓPICO | |
| Cabeçalho tópico ou nome geográfico | FEIJAO |
| 650 ## - ASSUNTO--TERMO TÓPICO | |
| Cabeçalho tópico ou nome geográfico | SEMENTE |
| 650 ## - ASSUNTO--TERMO TÓPICO | |
| Cabeçalho tópico ou nome geográfico | VARIEDADE |
| 650 ## - ASSUNTO--TERMO TÓPICO | |
| Cabeçalho tópico ou nome geográfico | MELHORAMENTO VEGETAL |
| 650 ## - ASSUNTO--TERMO TÓPICO | |
| Cabeçalho tópico ou nome geográfico | SAO PAULO |
| 942 ## - ELEMENTOS DE ENTRADA ADICIONADOS (KOHA) | |
| Tipo de material Koha | Analítica de Monografia Seriada |
| Fonte da classificação ou esquema de arquivamento na estante | Classificação AGRIS |
| 909 ## - | |
| -- | 202506 |
| -- | Lúcia |
| -- | 55 |
| -- | Lúcia Elande |
| Situação do descarte | Fonte da classificação ou esquema de arquivamento na estante | Situação física | Não pode ser emprestado | Coleção | Biblioteca de origem | Biblioteca atual | Total de empréstimos | Data de último acesso | Número do exemplar | Tipo de material Koha | Situação das perdas | Data de aquisição | Fonte de aquisição |
|---|---|---|---|---|---|---|---|---|---|---|---|---|---|
| Classificação AGRIS | Biblioteca Nacional de Agricultura - Binagri | Biblioteca Nacional de Agricultura - Binagri | 30/06/2025 | 01 | Analítica de Monografia Seriada | 2025-06-30 | Portaria Interministerial nº 164/94 |

BINAGRI